书目信息 |
| 题名: |
中国灾荒史记
|
|
| 作者: | 孟昭华 | |
| 分册: | ||
| 出版信息: | 北京 中国社会出版社 |
|
| 页数: | 478 | |
| 开本: | 20cm | |
| 丛书名: | ||
| 单 册: | ||
| 中图分类: | X43 | |
| 科图分类: | ||
| 主题词: | 自然灾害 , 自然灾害--防治 | |
| 电子资源: | ||
| ISBN: | 7-80146-042-1 | |
| 000 | 00511nam0 2200193 450 | |
| 001 | 0757995392 | |
| 005 | 20071007160635.39 | |
| 010 | @a7-80146-042-1 | |
| 100 | @a20071007d km y0chiy0120 ea | |
| 101 | 0 | @achi |
| 200 | 1 | @a中国灾荒史记@Azhong guo zai huang shi ji@f孟昭华@Fmeng zhao hua |
| 210 | @a北京@c中国社会出版社 | |
| 215 | @a478@d20cm | |
| 606 | 0 | @a自然灾害 |
| 606 | 0 | @a自然灾害@x防治 |
| 690 | @aX43@v3 | |
| 701 | 0 | @a孟昭华@Ameng zhao hua |
| 801 | 0 | @aCN@bPFT@c20071007 |
| 905 | @a213230@dX43@ea1@f1 | |
| 中国灾荒史记/孟昭华.-北京:中国社会出版社 |
| 478;20cm |
| ISBN 7-80146-042-1: |
| ● |
| 相关链接 |
|
|
|
|
正题名:中国灾荒史记
索取号:X43/a1
 
预约/预借
| 序号 | 登录号 | 条形码 | 馆藏地/架位号 | 状态 | 备注 |
| 1 | 7507091 | 275070913 | 密集书库-史法系/ [索取号:X43/a1] | 在馆 |